Normal view
MARC view
- Dr Abdul Qadoos Khan
Entry Personal Name
001 - CONTROL NUMBER
- control field: 48586
003 - CONTROL NUMBER IDENTIFIER
- control field: NUST
005 - DATE AND TIME OF LATEST TRANSACTION
- control field: 20210314134057.0
008 - FIXED-LENGTH DATA ELEMENTS
- fixed length control field: 210314|| aca||aabn | a|a d
040 ## - CATALOGING SOURCE
- Original cataloging agency: NUST
- Transcribing agency: NUST
100 ## - HEADING--PERSONAL NAME
- Personal name: Dr Abdul Qadoos Khan
670 ## - SOURCE DATA FOUND
- Source citation: Work cat.: (NUST): Anwar Zeb 48584, Factors affecting resource management of building projects in KPK Pakistan, 2014
